| 000 | 00340nam a2200133Ia 4500 | ||
|---|---|---|---|
| 008 | 240624s9999 xx 000 0 und d | ||
| 041 | _aeng | ||
| 082 | _a891.46 CAR | ||
| 100 | _aCARNEGIE DALE | ||
| 245 | _aMITRA JODA ANI LOKANVAR PRABHAV PADA MAR | ||
| 260 |
_c2014 _aPune _bMehta Publishing House |
||
| 300 | _a276 p. | ||
| 365 |
_cRS _b25 |
||
| 999 |
_c30175 _d30175 |
||